LDR 00942naa#a2200181#i#450# 001 RU\\bibl\20049 005 20260701141526.3 100 ## _a20260630b2026####ek#y0rusy0150####ca 102 ## _aRU 200 1# _aСТАНДАРТЫ ИСКУССТВЕННОГО ИНТЕЛЛЕКТА В АВТОМОБИЛЬНОМ ТРАНСПОРТЕ _eСтатья/тезисы конференции 210 1# _aВоронеж _cВоронежский государственный лесотехнический университет имени Г.Ф. Морозова _d2026 215 ## _a3 с. 608 ## _aСтатья/тезисы конференции _2local 675 ## _aИдентификация, моделирование, параметры и т. п.. 681.5.015 _z 700 #1 _aАникеев _gЕвгений Александрович 700 #1 _aАкименко _gАндрей Владимирович 700 #1 _aАвилов _gЮ. О. 856 4# _abibl.vgltu.ru _u